000 00262nam a2200109Ia 4500
008 220204s9999 xx 000 0 und d
082 _a82-3
_bNIC
100 _aNicole, Christopher
245 0 _aMistress of darkness
260 _aNew York
_bNal
_c1977
942 _cBK
999 _c30956
_d30956